Psiquiatría contemporánea
Na minha lista:
| Autor principal: | |
|---|---|
| Formato: | Livro |
| Idioma: | espanhol |
| Publicado em: |
Barcelona :
C. Alejandre,
1987
|
| Assuntos: |
MARC
| LEADER | 00000nam#a2200000#a#4500 | ||
|---|---|---|---|
| 001 | 002119 | ||
| 005 | 20160721142316.0 | ||
| 008 | 960603s1987####sp##################spa#d | ||
| 020 | |a 8477600007 | ||
| 040 | |a AR-BeUNQ | ||
| 099 | |a 25-C17 | ||
| 100 | 1 | |a Crown, Sidney | |
| 245 | 0 | 2 | |a Psiquiatría contemporánea |c Sidney Crown. |
| 260 | |a Barcelona : |b C. Alejandre, |c 1987 | ||
| 300 | |a xvii,447 p. : |b tablas | ||
| 650 | 7 | |a PSIQUIATRIA |2 spines | |
| 650 | 7 | |a PSICOTERAPIA |2 spines | |
| 929 | |a COMPRA |b Atlante |c Exp. 827-0572/95 |d 3,50 |e 19951005 |j 15702 | ||
| 942 | |c LIB |n 0 | ||
| 999 | |c 4920 |d 80307 | ||